| 000 | 02297cam a22004814a 4500 | ||
|---|---|---|---|
| 001 | muse86529 | ||
| 003 | MdBmJHUP | ||
| 005 | 20210127151726.0 | ||
| 006 | m o d | ||
| 007 | cr||||||||nn|n | ||
| 008 | 200531r20201963ncu o 00 0 eng d | ||
| 020 | _a9781469657936 | ||
| 020 | _z1469657937 | ||
| 020 | _z9780807880401 | ||
| 035 | _a(OCoLC)1157995528 | ||
| 040 |
_aMdBmJHUP _cMdBmJHUP |
||
| 050 | 4 |
_aPT2426.Z5 _bM3 1963 |
|
| 082 | 0 | _a833.7 | |
| 100 | 1 |
_aMcClain, William H., _eauthor. |
|
| 245 | 1 | 0 |
_aBetween Real and Ideal _bThe Course of Otto Ludwig's Development as a Narrative Writer / _cWilliam H. McClain. |
| 264 | 1 | _bProject Muse, | |
| 264 | 3 | _bProject MUSE, | |
| 300 |
_a1 online resource (1 EPUB unpaged) : _billustrations. |
||
| 490 | 0 |
_aUNC studies in the Germanic languages and literatures ; _vnumber 40 |
|
| 500 | _aIssued as part of book collections on Project MUSE. | ||
| 504 | _aIncludes bibliographical references. | ||
| 506 | 0 |
_aOpen Access _fUnrestricted online access _2star |
|
| 520 | _aOtto Ludwig, nineteenth-century German novelist and critic, originated the term poetic realism. In this excellent study, Ludwig's prose is sympathetically and thoroughly examined and a clear account of the evolution of German fiction after Romanticism is presented. Taking Ludwig's narrative works together with his literary criticism, McClain shows how the author attempted to blend the real and the ideal to reach the goal of poetic realism as he envisioned it. | ||
| 588 | _aDescription based on print version record. | ||
| 600 | 1 | 1 |
_aLudwig, Otto, _d1813-1865 _xCriticism and interpretation. |
| 655 | 0 | _aElectronic books. | |
| 655 | 7 |
_aElectronic books. _2local |
|
| 710 | 2 |
_aProject Muse, _edistributor. |
|
| 776 | 1 | 8 |
_iPrint version: _w(DLC) 63063586 _z9780807880401 _z080788040X |
| 710 | 2 |
_aProject Muse. _edistributor |
|
| 830 | 0 |
_aUniversity of North Carolina studies in the Germanic languages and literatures ; _vno. 40. |
|
| 830 | 0 | _aBook collections on Project MUSE. | |
| 856 | 4 | 0 |
_zFull text available: _uhttps://muse.jhu.edu/book/75810/ |
| 999 |
_c26802 _d26802 |
||